Central Library OPAC University of Rajshahi

Non-neutral plasma physics : (Record no. 8336)

MARC details
000 -LEADER
fixed length control field 01322cam a2200337 a 4500
001 - CONTROL NUMBER
control field 8336
003 - CONTROL NUMBER IDENTIFIER
rucl marc code BD-RjUL
005 - DATE AND TIME OF LATEST TRANSACTION
control field 20211208234552.0
008 - FIXED-LENGTH DATA ELEMENTS--GENERAL INFORMATION
fixed length control field 180114s1988 nyua b 100 0 eng
020 ## - INTERNATIONAL STANDARD BOOK NUMBER
International Standard Book Number 0883183757
035 ## - SYSTEM CONTROL NUMBER
System control number (BD-RjUL)8381
040 ## - CATALOGING SOURCE
Original cataloging agency DLC
Transcribing agency DLC
Modifying agency DLC
-- BD-RjUL
Language of cataloging eng
041 ## - LANGUAGE CODE
Language code of text/sound track or separate title eng
082 00 - DEWEY DECIMAL CLASSIFICATION NUMBER
Classification number 530.44
Edition number 23
Author mark and year NON
111 2# - MAIN ENTRY--MEETING NAME
Meeting name or jurisdiction name as entry element Non-Neutral Plasma Physics Symposium
Number of part/section/meeting (1st :
Date of meeting 1988 :
Location of meeting Washington, D.C.)
9 (RLIN) 154782
245 10 - TITLE STATEMENT
Title Non-neutral plasma physics :
Remainder of title Washington, DC, 1988 /
Statement of responsibility, etc. editors, C.W. Roberson, C.F. Driscoll.
260 ## - PUBLICATION, DISTRIBUTION, ETC. (IMPRINT)
Place of publication, distribution, etc. New York :
Name of publisher, distributor, etc. American Institute of Physics,
Date of publication, distribution, etc. c1988.
300 ## - PHYSICAL DESCRIPTION
Pagination 293 p. :
Illustrations ill. ;
Size 25 cm.
490 1# - SERIES STATEMENT
Series statement AIP conference proceedings,
Volume/sequential designation 175
500 ## - GENERAL NOTE
General note "Non-Neutral Plasma Physics Symposium, National Academy of Sciences, Washington, D.C., March 28-29, 1988, organized and sponsored by Office of Naval Research"--P. facing t.p.
General note "DOE CONF-8803133"--T.p. verso.
504 ## - BIBLIOGRAPHY, ETC. NOTE
Bibliography, etc Includes bibliographies.
650 #0 - SUBJECT ADDED ENTRY--TOPICAL TERM
Topical term or geographic name as entry element Nonneutral plasma
General subdivision Congresses.
9 (RLIN) 25967
700 1# - ADDED ENTRY--PERSONAL NAME
Personal name Roberson, C. W.
Personal name Driscoll, C. F.
710 1# - ADDED ENTRY--CORPORATE NAME
Corporate name or jurisdiction name as entry element United States.
Subordinate unit Office of Naval Research.
9 (RLIN) 25971
830 #0 - SERIES ADDED ENTRY--UNIFORM TITLE
Volume number/sequential designation no. 175.
Uniform title AIP conference proceedings ;
942 ## - ADDED ENTRY ELEMENTS (KOHA)
Source of classification or shelving scheme Dewey Decimal Classification
Koha item type Books
Holdings
Lost status Source of classification or shelving scheme Damaged status Not for loan Collection code Permanent Location Current Location Shelving location Date acquired Source of acquisition Cost, normal purchase price Total Checkouts Full call number Date last seen Copy number Koha item type
  Dewey Decimal Classification     Non-fiction Central Library, University of Rajshahi Central Library, University of Rajshahi   07/09/1975 N/A 0.00   530.44 NON 1988 18/01/2014 C-2 Books
  Dewey Decimal Classification   Not For Loan Non-fiction Central Library, University of Rajshahi Central Library, University of Rajshahi Reading Room 09/07/1995 N/A     530.44 NON 1988 03/09/2016 C-1 Books